La defensa fiscal y sus principios bs̀icos

Detalles Bibliográficos
Autor principal: Romo Garca̕, Jaime
Formato: eBook
Lenguaje:español
Publicado: Ciudad de Mx̌ico: Ediciones Fiscales ISEF, 2017
Materias:
Acceso en línea:Acceso restringido

MARC

LEADER 00000nam a22000007a 4500
005 20180330165854.0
007 cr|||| ||||
008 180330s2017 mx |||||s|||| 00||0 spa d
020 |a 978-607-406-960-0 
035 |a 21245 
040 |a vLex 
090 |c 7573  |d 7573 
100 1 |a Romo Garca̕, Jaime 
245 1 2 |a La defensa fiscal y sus principios bs̀icos  |h [Recurso electrn̤ico] /  |c Jaime Romo Garca̕ 
256 |a Servicio en ln̕ea 
260 |a Ciudad de Mx̌ico:  |b Ediciones Fiscales ISEF,  |c 2017 
300 |a 1 recurso electrn̤ico 
506 1 |a Disponible solo en los productos indicados  |d vLex Global  |d vLex Global (Academic Edition, excluding Law Schools)  |d vLex Global (U.S. Academic Edition, Law Schools)  |d vLex Global (U.S. Academic Edition, excluding Law Schools)  |d vLex Global (Academic Edition, Law Schools) 
650 0 4 |a Derecho Fiscal  |z Mx̌ico 
740 0 |a vLex Libros (Servicio en ln̕ea) 
856 4 0 |u http://vlex.com/source/defensa-fiscal-y-sus-principios-basicos-21245  |z Acceso restringido 
942 |c BOOK 
999 0 |a Tax Law